|
|
|
|
| LEADER |
00904nab a2200205 i 4500 |
| 001 |
tort504 |
| 005 |
20221117095538.0 |
| 008 |
221117s2002 hu o 0|| zxx d |
| 022 |
|
|
|a 0133-0500
|
| 040 |
|
|
|a PEREPO TORTENET
|b hun
|
| 041 |
|
|
|a zxx
|
| 245 |
0 |
0 |
|a Magyar Bálint Zala megyében
|h [elektronikus dokumentum]
|
| 260 |
|
|
|a Zalai Hírlap Kiadói Bt.
|b Zalaegerszeg, Magyarország
|c 2002-10-17
|
| 300 |
|
|
|a 1-3
|
| 490 |
0 |
|
|a Zalai Hírlap
|v 58 No. 243
|
| 695 |
|
|
|a Budapesti Gazdasági Főiskola Pénzügyi és Számviteli Kar Zalaegerszegi Intézete - BGF PSZK ZI
|
| 695 |
|
|
|a Magyar Bálint (oktatási miniszter)
|
| 695 |
|
|
|a előadás
|
| 695 |
|
|
|a Szabad Demokraták Szövetsége - SZDSZ
|
| 856 |
4 |
0 |
|u https://perepo-tortenet.uni-pannon.hu/id/eprint/504/1/2002-10-17_zalai_h%C3%ADrlap_Magyar%20B%C3%A1lint%20Zala%20megy%C3%A9ben%20%2858.%20%C3%A9vf.%20243.%20sz.%2C%20p.%201.%203.%29.pdf
|z Dokumentum-elérés
|